LDR 01122nam a2200265 4500 001 000000367183 003 CaOOAMICUS 005 20260429144004.0 008 260413s2026 it 000 u ita r 020 $a979-12-5595-051-6 040 $aSeMil$bita 100 1 $aAjroldi, Nicolò.$0(OLS)http://semarc/name/124095 245 10$aOltre l'algoritmo :$bconoscere l'IA per non farsi travolgere /$cNicolò Ajroldi ... [et. al.]. 264 1$aMilano :$bIn Dialogo,$c2026. 300 $a92 p. ;$c19 cm 490 1 $aCivitas 650 4$aIntelligenza artificiale - Effetti sociali.$0(OLS)http://semarc/subject/59382 830 0$aCivitas.$0(OLS)http://semarc/title/459063 850 $aSeMil 852 $aSeMil$W1$xVenegono$y1$m2G II 34$j271161$B257905$CSeMilBibl$Z2$F257905 $81 961 $aConti don Ermenegildo - Omaggio 996 $6020$a979-12-5595-051-6$9(OLS)http://semarc/number/305637 996 $6245$aOltre l'algoritmo :$bconoscere l'IA per non farsi travolgere$9(OLS)http://semarc/title/459062 996 $6264$aMilano :$bIn Dialogo$9(OLS)http://semarc/publisher/31663